Statistics for Countries Closest to Papua New Guinea - 30 Second Sprint

Click here to take the quiz!

General Stats

  • This quiz has been taken 15 times
  • The average score is 11 of 20

Answer Stats

km Country miles % Correct
0Indonesia0
100%
4Australia2
92%
2955Brunei1836
83%
2569Malaysia1596
83%
1920Philippines1193
75%
1349Vanuatu838
67%
1511East Timor938
67%
3170New Zealand1970
67%
1263Palau785
58%
3585Samoa2228
58%
2523Fiji1568
50%
1626Kiribati1010
42%
2226Tuvalu1383
42%
5Solomon Islands3
42%
3407Tonga2117
42%
1389Nauru863
33%
863Fed St Micronesia536
33%
3459Taiwan2149
33%
3476Japan2160
33%
1875Marshall Islands1165
17%

Score Distribution

Percentile by Number Answered

Percent of People with Each Score

Your Score History

You have not taken this quiz